Business ethics now
Αποθηκεύτηκε σε:
| Κύριος συγγραφέας: | |
|---|---|
| Μορφή: | Βιβλίο |
| Γλώσσα: | English |
| Δημοσίευση: |
New York :
McGraw-Hill,
c2014.
|
| Έκδοση: | 4th ed. |
| Θέματα: | |
| Ετικέτες: |
Προσθήκη ετικέτας
Δεν υπάρχουν, Καταχωρήστε ετικέτα πρώτοι!
|
MARC
| LEADER | 00000nam a2200000 i 4500 | ||
|---|---|---|---|
| 001 | 1/48424 | ||
| 008 | 140529s2014 eng d | ||
| 020 | |a 978-1-259-09509-2 (pbk.) | ||
| 035 | |l 10117825 | ||
| 040 | |a GR-MY-UA |b gre |e aacr | ||
| 041 | 0 | |a eng | |
| 082 | 0 | |a 174.4 |2 (23) | |
| 100 | 1 | |a Ghillyer, Andrew. | |
| 245 | 1 | 0 | |a Business ethics now / |c Andrew Ghillyer. |
| 250 | |a 4th ed. | ||
| 260 | |a New York : |b McGraw-Hill, |c c2014. | ||
| 300 | |a xii, 228 σ. : |b εικ. ; |c 28 εκ. | ||
| 500 | |a This international student edition is for use outside the U.S. | ||
| 504 | |a Βιβλιογραφία: σ.223-228. | ||
| 650 | 0 | 0 | |a Business ethics. |
| 852 | |a INST |b CHIOS |e 20140529 |h 174.4 GHI |p 005200034557 |q 005200034557 |t BK |y 0 | ||
| 852 | |a INST |b CHIOS |e 20140529 |h 174.4 GHI |p 005200034558 |q 005200034558 |t BK |y 0 | ||
| 852 | |a INST |b CHIOS |c EUDOXUS |e 20160602 |h 174.4 GHI |p 005200037223 |q 005200037223 |t BK |y 0 | ||
| 920 | |a Εύδοξος |b Παραγγελία |y Χίος-ΤΔΕ |z 2016-05 | ||
| 901 | |a BIBL2-2014-2 | ||
| 909 | |a Χ |b 180762 | ||
| 909 | |a Χ |b 180763 | ||
| 920 | |a ΕΥΔΟΞΟΣ |b ΠΑΡΑΓΓΕΛΙΑ |y ΧΙΟΣ |z 2014-05 | ||
| 970 | |a ΣΠΕΝΤΖΑ |b ΕΛΕΝΗ |z 2014/05/29 | ||